000 00212nam a2200097Ia 4500
008 190216s9999||||xx |||||||||||||| ||und||
100 _aC J Thomas
245 0 _aAvar Veendum Varunnu
260 _bNull
942 _cBK
999 _c24373
_d24373